Statistics for Nautical Alphabet

Click here to take the quiz!

General Stats

  • This quiz has been taken 105 times
  • The average score is 22 of 26

Answer Stats

HintAnswer% Correct
AAlpha
100%
BBravo
100%
CCharlie
100%
DDelta
100%
FFoxtrot
100%
EEcho
89%
IIndia
89%
JJuliet
89%
XX-Ray
89%
RRomeo
87%
LLima
85%
GGolf
82%
HHotel
82%
OOscar
82%
WWhiskey
82%
PPapa
80%
QQuebec
80%
SSierra
78%
TTango
78%
ZZulu
78%
KKilo
76%
MMike
76%
NNovember
76%
VVictor
75%
UUniform
73%
YYankee
71%

Score Distribution

Percentile by Number Answered

Percent of People with Each Score

Your Score History

You have not taken this quiz